Prática de gestão e fiscalização de contratos públicos / (Record no. 1039)

MARC details
000 -LÍDER
Campo Fixo de Controle 00829nam a2200265 a 4500
001 - NÚMERO DE CONTROLE
Campo de Controle 1039
003 - IDENTIFICAÇÃO DO NÚMERO DE CONTROLE
Campo de Controle BR-CuiBMT
005 - DATA E HORA DA ÚLTIMA ATUALIZAÇÃO
Campo de Controle 20231127195215.0
008 - DADOS FIXOS
Dados Fixos 231127s2005 dfba 000 0 por d
020 ## - INTERNATIONAL STANDARD BOOK NUMBER
Nº do ISBN 8574692700
040 ## - AGÊNCIA CATALOGADORA
Código da Agência Catalogadora BR-CuiBMT
Agência que transcreveu o registro BR-CuiBMT
080 ## - Nº DA CLASSIFICAÇÃO DECIMAL UNIVERSAL
Nº edição CDU 2007
Nº Class. CDU 351.712.2
090 ## - NÚMERO DE CHAMADA
Nº classificação 351.712.2
Cutter A474p
100 1# - ENTRADA PRINCIPAL -- AUTOR PESSOAL
Nome pessoal Alves, Léo da Silva
245 ## - TÍTULO PRINCIPAL
Título principal Prática de gestão e fiscalização de contratos públicos /
Indicação de responsabilidade Léo da Silva Alves.
260 ## - PUBLICAÇÃO, DISTRIBUIÇÃO, ETC.
Local de publicação Brasília :
Editora Brasília jurídica,
Data 2005.
300 ## - DESCRIÇÃO FÍSICA
N. páginas ou volumes 259 p.:
Ilustrações il.
Dimensões 21 cm
500 ## - NOTAS GERAIS
Notas gerais Parte especial - Roteiro do processo administrativo de rescisão de contrato.
504 ## - NOTA DE BIBLIOGRAFIA, ETC.
Nota de bibliografia Inclui bibliografia.
650 ## - ASSUNTO TÓPICO
Cabeçalho tópico ou nome geográfico Contrato público
650 ## - ASSUNTO TÓPICO
Cabeçalho tópico ou nome geográfico Licitação
650 ## - ASSUNTO TÓPICO
Cabeçalho tópico ou nome geográfico Direito administrativo
650 ## - ASSUNTO TÓPICO
Cabeçalho tópico ou nome geográfico Processo administrativo
942 ## - ELEMENTOS DE ENTRADA ADICIONAIS (KOHA)
Fonte de classificação ou esquema de arquivamento Classificação Decimal Universal
Tipo de item do Koha Livros
Holdings
Estado: removido Estado: perdido Fonte de classificação ou esquema de arquivamento Estado: danificado Indisponível para empréstimo Localização permanente Localização atual Data de aquisição Total Checkouts Número de Chamada completo Código de barras Date last seen Número do exemplar Preço efetivo a partir de Tipo de item (Koha)
    Classificação Decimal Universal     Biblioteca da Escola Superior de Contas do TCE/MT Biblioteca da Escola Superior de Contas do TCE/MT 30/08/2007   351.712.2 A474p BIBTCEMT23111163 27/11/2023 Ex. 1 27/11/2023 Livros

Powered by Koha